| 000 | 00597nam a2200193Ia 4500 | ||
|---|---|---|---|
| 003 | GCL | ||
| 008 | 140319s9999 xx 000 0 ara d | ||
| 040 |
_aGCL / _cGCL |
||
| 082 | 0 | 4 |
_aق _b069.0962 _bم د |
| 100 | 1 | _aماسيرو جاستون | |
| 245 | 1 | 0 |
_aدليل دار التحف المصرية الفاخرة لمدينة القاهرة / _cماسيرو جاستون |
| 700 | 1 | _aاحمد بك كمال | |
| 300 | _a756 ص | ||
| 490 |
_aبحوث اجتماعية _v0 |
||
| 650 | 0 | 4 | _aالمتاحف |
| 650 | 0 | 4 | _aالفن - متاحف |
| 650 | 0 | 4 | _aمصر - متاحف |
| 942 |
_2ddc _cBK |
||
| 999 |
_c49997 _d49997 |
||